Réflexions sur la fonction symbolique du juge des enfants (notice n° 1642844)
[ vue normale ]
| 000 -LEADER | |
|---|---|
| fixed length control field | 01246cam a2200205 4500500 |
| 005 - DATE AND TIME OF LATEST TRANSACTION | |
| control field | 20260201143020.0 |
| 041 ## - LANGUAGE CODE | |
| Language code of text/sound track or separate title | fre |
| 042 ## - AUTHENTICATION CODE | |
| Authentication code | dc |
| 100 10 - MAIN ENTRY--PERSONAL NAME | |
| Personal name | Pendanx, Daniel |
| Relator term | author |
| 245 00 - TITLE STATEMENT | |
| Title | Réflexions sur la fonction symbolique du juge des enfants |
| 260 ## - PUBLICATION, DISTRIBUTION, ETC. | |
| Date of publication, distribution, etc. | 2015.<br/> |
| 500 ## - GENERAL NOTE | |
| General note | 56 |
| 520 ## - SUMMARY, ETC. | |
| Summary, etc. | Si les juges des enfants ont un rôle clef dans la protection de l’enfance, celui-ci tient d’abord à leur capacité à faire jouer en droit le principe d’indisponibilité des places, l’ écart structurel entre les fonctions. Les effets cliniques de leur intervention tiennent donc bien davantage au rituel judiciaire, à la façon dont jugements et ordonnances font (ou non) jouer la limite, l’espace de séparation entre les figures et les scènes, et à la triangulation (l’espace tiers) qui en procède pour l’enfant, qu’à quelque « colloque singulier du juge avec l’enfant ». |
| 690 ## - LOCAL SUBJECT ADDED ENTRY--TOPICAL TERM (OCLC, RLIN) | |
| Topical term or geographic name as entry element | fonction symbolique du juge |
| 690 ## - LOCAL SUBJECT ADDED ENTRY--TOPICAL TERM (OCLC, RLIN) | |
| Topical term or geographic name as entry element | instituer le sujet |
| 690 ## - LOCAL SUBJECT ADDED ENTRY--TOPICAL TERM (OCLC, RLIN) | |
| Topical term or geographic name as entry element | l’autre scène |
| 690 ## - LOCAL SUBJECT ADDED ENTRY--TOPICAL TERM (OCLC, RLIN) | |
| Topical term or geographic name as entry element | le droit et la représentation fondatrice |
| 786 0# - DATA SOURCE ENTRY | |
| Note | Empan | 99 | 3 | 2015-08-28 | p. 110-118 | 1152-3336 |
| 856 41 - ELECTRONIC LOCATION AND ACCESS | |
| Uniform Resource Identifier | <a href="https://shs.cairn.info/revue-empan-2015-3-page-110?lang=fr&redirect-ssocas=7080">https://shs.cairn.info/revue-empan-2015-3-page-110?lang=fr&redirect-ssocas=7080</a> |
Pas d'exemplaire disponible.




Réseaux sociaux